000
00404nam a2200145Ia 4500
008
100122s9999 xx 000 0 und d
082
_b
24803
_a
823.08
100
_a
सप्रे लता
245
_a
देवयानी
260
_b
आनंद अनंत अंतरकर
_c
1976
300
_a
169
630
_a
देवयानी
730
_a
देवयानी
942
_c
BOOK
999
_c
411900
_d
411897